Dcery květin: Islandské tajemství
Saved in:
| Main Author | |
|---|---|
| Format | Electronic eBook |
| Language | Czech |
| Published |
Metafora
2026
|
| Edition | 1. elektronické vydání |
| Subjects | |
| Online Access | Dostupné v BOOKPORT po přihlášení pomocí eduID |
| ISBN | 978-80-247-4948-8 978-80-247-4949-5 978-80-7625-919-5 |
| Physical Description | 1 online zdroj (384 stran) |
Cover
| LEADER | 00000nam a2200000 i 4500 | ||
|---|---|---|---|
| 001 | bkp13743 | ||
| 003 | CZ-prgp | ||
| 005 | 20260414105338.0 | ||
| 006 | m o d | ||
| 007 | cr cn | ||
| 008 | 260414s2026 xr o 000 1 cze | ||
| 020 | |a 978-80-247-4948-8 |c 424 Kč |q (online ; pdf) | ||
| 020 | |a 978-80-247-4949-5 |c 424 Kč |q (online ; epub) | ||
| 020 | |a 978-80-7625-919-5 |c 508 Kč |q (print) | ||
| 040 | |a Grada |b cze |e rda | ||
| 100 | 1 | |a Collins, Tessa | |
| 245 | 1 | 0 | |a Dcery květin: Islandské tajemství |c Tessa Collins |
| 250 | |a 1. elektronické vydání | ||
| 264 | 1 | |b Metafora |c 2026 | |
| 300 | |a 1 online zdroj (384 stran) | ||
| 336 | |a text |b txt |2 rdacontent | ||
| 337 | |a počítač |b c |2 rdamedia | ||
| 338 | |a online zdroj |b cr |2 rdacarrier | ||
| 520 | 3 | |a Romantický příběh z legendami opředeného Islandu. Když se na rodinné farmě objeví tajemný obraz ženy, která vypadá přesně jako Soley, rozhodne se o něm mladá úspěšná zpěvačka zvaná Flower Girl zjistit víc. Vydává se do krajiny plné mýtů, kde objevuje krásu místní přírody a možná i lásku. Co když ji se zemí na severu spojuje víc, než si myslela? | |
| 650 | 0 | 4 | |a Romantika, romány pro ženy |
| 650 | 0 | 4 | |a Milostné romány |
| 856 | 4 | 0 | |u https://www.bookport.cz/AccountSaml/SignIn/?idp=https://shibboleth.utb.cz/idp/shibboleth&returnUrl=/kniha/dcery-kvetin-islandske-tajemstvi-15988/ |y Dostupné v BOOKPORT po přihlášení pomocí eduID |